Quail production systems: A review

Wedi'i Gadw mewn:
Manylion Llyfryddiaeth
Prif Awdur: M M Shanaway
Fformat: Llyfr
Iaith:Undetermined
Cyhoeddwyd: Rome FAO 1994
Pynciau:
Tagiau: Ychwanegu Tag
Dim Tagiau, Byddwch y cyntaf i dagio'r cofnod hwn!
Thư viện lưu trữ: Trung tâm Học liệu Trường Đại học Cần Thơ
LEADER 00484nam a2200181Ia 4500
001 CTU_16357
008 210402s9999 xx 000 0 und d
082 |a 636.6 
082 |b S528 
100 |a M M Shanaway 
245 0 |a Quail production systems: A review 
245 0 |c M M Shanaway, FAO 
260 |a Rome 
260 |b FAO 
260 |c 1994 
650 |a birds,poultry 
904 |i Nguyễn Quang Điền, 970523 
980 |a Trung tâm Học liệu Trường Đại học Cần Thơ